MARC

LEADER 00000nam0a2200000 4500
001 334195
005 20231102004629.0
035 |a (RuTPU)RU\TPU\book\360224 
090 |a 334195 
100 |a 20170713d1978 m y0rusy50 ca 
101 0 |a rus 
102 |a RU 
105 |a a z 001zy 
200 1 |a Развитие ядерной геофизики в СССР. 1917-1960 гг.  |f Т. Д. Ильина  |g Академия наук СССР, Институт истории естествознания и техники 
210 |a Москва  |c Наука  |d 1978 
215 |a 191 с.  |c ил. 
320 |a Библиогр.: с. 159-184 
320 |a Именной указатель: с. 185-188 
606 1 |a Ядерная геофизика  |2 stltpush  |3 (RuTPU)RU\TPU\subj\21553  |9 46517 
610 1 |a СССР 
610 1 |a 20 век 
610 1 |a радиоактивные методы 
610 1 |a зарождение 
610 1 |a нефтяные пластовые воды 
610 1 |a радиоактивность 
610 1 |a изучение 
610 1 |a нефтяные месторождения 
610 1 |a горные породы 
610 1 |a естественная радиоактивность 
610 1 |a исследование 
610 1 |a радиоактивный каротаж 
610 1 |a нейтронный каротаж 
610 1 |a гамма-нейтронный каротаж 
610 1 |a нефтяные скважины 
610 1 |a разработка 
610 1 |a контроль 
610 1 |a ядерно-физические методы 
675 |a 550.35  |v 4 
700 1 |a Ильина  |b Т. Д.  |g Татьяна Дмитриевна 
712 0 2 |a Академия наук СССР  |b Институт истории естествознания и техники  |c (Москва)  |c (1953- )  |2 stltpush  |3 (RuTPU)RU\TPU\col\8662  |9 24561 
801 1 |a RU  |b 63413507  |c 20170713 
801 2 |a RU  |b 63413507  |c 20221213  |g RCR 
942 |c BK